000 00378nam a2200121 4500
008 180208b xxu||||| |||| 00| 0 eng d
100 _926268
_aCrisostomo, Sheila.
245 _a74 countries post hike in new HIV infections-study/
_cSheila Crisostomo.
260 _aPhilippines:
_bThe Philippine Star,
_cc2016.
300 _apage 7.
650 0 _926269
_aAIDS/HIV.
942 _2ddc
_cPER
999 _c8501
_d8501